000 00910nam a2200277Ia 4500
003 CO-BoRNBP
005 20250604153020.0
007 ta
008 180109s9999 xx 000 0 und d
020 _a9789584230454 / 958423045X
040 _aCO-BoRNBP
_bspa
_erda
_cCO-BoRNBP
041 _aspa
084 _aC BRA2
100 1 _aBradbury, Ray, 1920-2012
_959506
245 1 0 _aCrónicas marcianas /
_cRay Bradbury ; prólogo Jorge Luis Borges ; traducción Francisco Abelenda
250 _aTercera edición
264 1 _a[Bogotá] :
_bBooket;2015
300 _a242 páginas ;
_c21 cm
336 _atexto
_btxt
_2rdacontent
337 _asin mediación
_bn
_2rdamedia
338 _avolumen
_bnc
_2rdacarrier
490 0 _aRemasterizados
650 0 0 _aCuentos estadounidenses
_2LEMB
_92727
700 1 _aBorges, Jorge Luis, 1899-1986, prologuista \ Abelenda, Francisco, traductor
_959507
942 _2loc
_cBK
999 _c57120
_d57120